| 000 | 00984nas a2200337 4500 | ||
|---|---|---|---|
| 001 | BR2014004177 | ||
| 003 | BR-BrBNA | ||
| 005 | 20231205124236.0 | ||
| 007 | ta | ||
| 008 | 230509b bl.|||p| |||| 00| 00por d | ||
| 040 |
_aBR-BrBNA _bpor _cBiblioteca Nacional de Agricultura |
||
| 041 | _a(Pt) | ||
| 072 | _aL70 | ||
| 100 | 1 | _aSouza, F.W. de | |
| 100 | 1 | _aBrun, M.V. | |
| 100 | 1 | _aOliveira, M.T. de | |
| 100 | 1 | _aFeranti, J.P.S. | |
| 100 | 1 | _aCorrêa, R.K.R. | |
| 100 | 1 | _aIdalêncio, R. | |
| 100 | 1 | _aDuda, N.C.B. | |
| 100 | 1 | _aQuadros, A.M. | |
| 100 | 1 | _aHuppes, R.R. | |
| 245 | 1 | _aOvariohisterectomia por videocirurgia (via NOTES vaginal híbrida), celitomia ou miniceliotomia em cadelas | |
| 650 | _aCÃO | ||
| 650 | _aCASTRAÇÃO | ||
| 650 | _aLAPAROSCOPIA | ||
| 650 | _aCIRURGIA | ||
| 773 | 0 |
_tCiência Rural (Brazil) _xISSN 0103-8478 _g(Mar 2014), v. 44(3) p. 510-516 _wBR2014004177 |
|
| 909 |
_a202311 _bLúcia _c55 _dLúcia Elande |
||
| 942 |
_2AGRIS _n0 _cANA |
||
| 999 |
_c238062 _d238062 |
||